MDQL
is popping MORE tags! Check the
thread
!
Quizzes
Events
Quiz Creation
Community
Videos
Private Events
Remove Ads
Sign In
Join for FREE
Feedback
Dark Mode
Quiz Categories
Sports
Geography
Music
Movies
Television
Just For Fun
Miscellaneous
History
Literature
Language
Science
Gaming
Entertainment
Religion
Holiday
For Kids
Quiz Lab
Recent
Popular Today
Quiz Kudos Today
Editor Picks
Curator Picks
Quizzes by...
Day
Popularity
Type
Ratings
Length
Year
Community
Subscriptions
Recent Discussions
Orange Saloon
Badges
Playlists
Quests
Create
Leaderboards
Showdown
Live 5
Trivia Bingo
Activity
Puzzle Library
Sporcle Events
Private Events
Virtual Trivia
Globe League
Become a Host
Pub Owners
SporcleCon
Opinionation
Our Games
Videos
Blog
Mobile Apps
Partnerships
Remove Ads and Go Orange
Feedback
Just For Fun
Clickable
Get the Picture
Humor
Quick Pick
Word Ladder
Missing Word
Mixed Word
Blitz
Minefield
This or That
Alphabet
Color
Typing
Sporcle
Puzzle
Word Play
Follow That Line
Logic
Just For Fun
Clickable
Get the Picture
Humor
Quick Pick
Word Ladder
Missing Word
Mixed Word
Blitz
Minefield
This or That
Alphabet
Color
Typing
Sporcle
Puzzle
Word Play
Follow That Line
Logic
Random Quiz
Search Sporcle
×
Quiz Lab
Quiz Lab
Just For Fun
alton
Type in answers that appear in a list
Type in answers that appear in a list
Classic
Best Score? Go Orange.
Alton Towers Current Rides Stats
Can you name the Alton Towers Current Rides?
By
bugsy01
10m
28 Questions
613 Plays
613 Plays
613 Plays
Comments
Comments
Give Quiz Kudos
Give Quiz Kudos
-
- Ratings
hide this ad
Replay
Link that replays current quiz
Next Quiz
Link to next quiz in quiz playlist
You Got
0%
They Got
Avg Score
54%
Avg Friend Score
Upgrade to see
Score Distribution
Jump to the score distribution portion of the page
Score
0/28
Timer
10:00
0
Plays Today
Land
% Correct
3)
Oblivion
88.3%
Dark Forest 1)
Rita
86.8%
2)
13
86.6%
Forbidden Valley 1)
Nemesis
85.3%
3)
Air
83.5%
X-
Sector 1)
Enterprise
74.1%
3)
Runaway Mine Train
70.6%
Katanga Canyon 1)
Congo River Rapids
70.1%
Gloomy Wood 1)
Duel
69.5%
4)
Blade
69.5%
Adventure Land 1)
spinball whizzer
67.2%
2)
Ripsaw
66.9%
2)
The Flume
56.1%
2)
Submission
55.6%
Land
% Correct
Mutiny Bay 1)
Battle Galleons
47.8%
3)
Heave Ho
45.4%
3)
Charlie and the Chocolate Factory
44.9%
Tower Street 1)
Skyride
41.8%
4)
Frog Hopper
41.6%
4)
Marauder's Mayhem
40.9%
Cloud Cuckoo Land 1)
Peugeot 207 Driving School
40%
2)
Twirling Toadstool
37.5%
2)
Monorail
36.1%
2)
Sharkbait Reef
33.8%
5)
Galloper's Carousel
29%
Story Book Land 1)
Squirrel Nutty Ride
25.4%
6)
Wobble World
20.4%
2)
The Beastie
19.1%
Quiz Playlist
Details
Report
Send in Message
Add To Playlist
Classic:
Type in answers that appear in a list
Last Updated: Feb 16, 2017
Quiz Scoreboard
CHALLENGE
Sign Up to Join the Scoreboard
Show All
Scores
Hide
Comments
May contain spoilers
Recently Published
Colored Red Africa Blitz
by spor1
Geography
30s
Find the 'City' Movie
by crazypaving
Movies
60s
5x2 Blitz: Bands
by SL_Kpop136
Music
30s
More to Explore
Quiz From the Vault
Featured Blog Post
14 Easter Pick-up Lines to Find Eggs With
hide this ad
You Might Also Like...
Tags
alton
Alton Towers
land
ride
Tower
Today's Top Quizzes in Just For Fun
Browse Just For Fun
hide this ad
Top Contributed Quizzes in Just For Fun
1
Name Just One - 10 to 1: Just For Fun
2
Survivor Winners Logic Puzzle
3
Missing Word: 2-Letter A-Z II
4
Avatar the Last Airbender: Logic Puzzle
5
Shadowhunters Protagonists Logic Quiz
6
Quick 5-Color Logic (18)
7
Medium Renzoku Puzzle 11
8
Ultimate Minefield Blitz VIII
9
Ice Cream Logic Puzzle
10
Ultimate Minefield Blitz XXVIII
Explore More
Trending Topics
Disney
Anime
Kpop
NBA
Marvel
Crossword
Harry Potter
WWE
The Office
Song
Country
Puzzle
Pokémon
Soccer
NFL
hide this ad
More By:
bugsy01
Quiz
Plays
Rating
Category
Featured
Created
Alton Towers Current Rides
613
3.00
Just For Fun
Oct 2, 2010
Go to Creator's Profile
Score Distribution
Quiz Creator Spotlight
bugsy01
Follow
Send a Message
Quizzes Created
-
Created Quiz Play Count
-
More By This Creator
Popular Quizzes Today
1
Find the 'City' Movie
2
5x2 Blitz: Bands
3
Colored Red Africa Blitz
4
Find the US States - No Outlines Minefield
5
The Countries of the World
6
Find the US States
7
9x9 Crossword: Cartoon Network
8
US States
More Just For Fun Quizzes
Yeet the Yellows
Quiz Lab
Trending Quizzes
Colored Red Europe Blitz I
Colored Red Africa Blitz II
Colored Red Africa Blitz III
Colored Red Europe Blitz III
Colored Red Europe Blitz II
Recently Updated
Champions League XIs: Real Madrid
pecheneg
Largest US Cities 1790-2010
pecheneg
Rides in Walt Disney World
pecheneg
Most Oscar Losses (Acting)
pecheneg
Beyoncé Albums
pecheneg
Leaping Animals
pecheneg
Reality TV Shows (A-Z)
bhenderson79
Rickey Henderson's Hall of Fame Teammates
pecheneg
Champions League XIs: Arsenal
pecheneg
Quick Pick: Celebrities in WWE's Hall of Fame
aduchscher
Trending Topics
Harry Potter
Marvel
Kpop
Disney
NBA
Anime
Crossword
Country
WWE
Song
NFL
Soccer
The Office
Puzzle
Pokémon
Your Account Isn't Verified!
In order to create a playlist on Sporcle, you need to verify the email address you used during registration. Go to your
Sporcle Settings
to finish the process.
Report this User
Report this user for behavior that violates our
Community Guidelines
.
Details:
Send Report
Go to the Sporcle.com Mobile Site →
Comments